| 000 | 01194nam0a2200361 4500 | ||
|---|---|---|---|
| 001 | RU\NLR\BIBL_A\022675938 | ||
| 005 | 20260212154443.0 | ||
| 010 |
_a978-5-908065-08-5 _9200 |
||
| 021 |
_aRU _bКН-П-25-062497 _9КН-П-25-6039 |
||
| 035 | _a(NLR Aleph) 022675938 | ||
| 090 |
_a13552232 _c13552232 |
||
| 100 | _a20251201d2025 u y0rusy50 ca | ||
| 101 | 0 | _arus | |
| 102 | _aRU | ||
| 105 | _aa z 000gy | ||
| 181 | 0 |
_ai3 _baxxe |
|
| 181 | 0 |
_ab2 _bxb2e |
|
| 182 | 0 | _an | |
| 200 | 1 |
_a52 герца _fВалерий Земских _gхудожник: Зоя Норина |
|
| 203 |
_aТекст _aИзображение _bвизуальные _cнепосредственные |
||
| 210 |
_aСанкт-Петербург _cРадуга _d2025 |
||
| 215 |
_a334, [1] с. _cил. _d18 |
||
| 300 | _aЗагл. обл.: 52 Гц | ||
| 320 | _aДр. кн. авт. на 326-й с. | ||
| 512 | 1 | _a52 Гц | |
| 686 | 2 | _aШ6(2=Р)8-5 | |
| 700 | 1 |
_aЗемских _bВ. В. _f1947- _gВалерий Васильевич |
|
| 702 | 1 |
_aНорина _bЗ. _gЗоя _4040 |
|
| 942 | _cBOOK | ||
| 980 | _aNB | ||